00661nam a22002057a 450000500170000001000320001702000260004902000230007503500130009803500170011103700130012803700270014108200100016810000210017824500710019926000480027027000860031830000320040450000190043620091015142441.0 aENG-95129 B-424017-021 a9780070146136c375.00 a0070146136c375.00 aEN-78662 aB-424017-021 bDBAD/PUB bResearchco Book Centre a621.3 aRavish R. Singh  aBasic electrical and electronics engineering /cby Ravish R. Singh aNew DelhibTata McGraw Hill Educationc2010 aTata McGraw Hill Education Private Limited, 7 West Patel NagarbNew Delhie110008 aVarious pagingsc24cm (Pbk) aIncludes index